Catálogo
 En Linea
Vista normal Vista MARC

Entrada Nombre personal

Número de registros utilizados en: 10

001 - NÚMERO DE CONTROL

  • campo de control: 7820

003 - IDENTIFICADOR DEL NÚMERO DE CONTROL

  • campo de control: BNPHU

005 - FECHA Y HORA DE LA ÚLTIMA TRANSACCIÓN

  • campo de control: 20250206102508.0

008 - DATOS DE LONGITUD FIJA

  • campo de control de longitud fija: 200615|| aca||aabn | a|a d

040 ## - FUENTE DE LA CATALOGACIÓN

  • Centro catalogador/agencia de origen: DO-SdBNP
  • Lengua de catalogación: spa
  • Centro/agencia transcriptor: BNPHU
  • Normas de descripción: rda

046 ## - FECHAS CON CODIFICACIÓN ESPECIAL

  • Fecha de nacimiento: 1965-02-07

100 1# - ENCABEZAMIENTO-NOMBRE DE PERSONA

  • Nombre de persona: Moya, Pastor de,
  • Fechas asociadas al nombre: 1965-

370 ## - LUGAR ASOCIADO

  • Lugar de nacimiento: La Vega (República Dominicana)

372 ## - CAMPO DE ACTIVIDAD

  • Campo de actividad: Poeta
  • Campo de actividad: Escritor
  • Campo de actividad: Narrador
  • Campo de actividad: Artista multidisciplinario
  • Campo de actividad: Horticultor

374 ## - OCUPACIÓN

  • Ocupación: Artista

375 ## - GÉNERO/SEXO

  • Género/Sexo: Masculino

377 ## - LENGUA/LENGUAJE ASOCIADO

  • Código del idioma: spa
  • Término de lengua/lenguaje: Español

400 1# - TRAZADO DE VÉASE--NOMBRE DE PERSONA

  • Nombre de persona: De Moya, Pastor,
  • Fechas asociadas al nombre: 1965-

670 ## - FUENTE DE DATOS ENCONTRADOS

  • Cita de la fuente: Work cat.: (OSt)2317: Moya, Pastor de, 1965-, Jardines de la lengua /, 2009.

670 ## - FUENTE DE DATOS ENCONTRADOS

  • Cita de la fuente: Buffet para caníbales, 2002:
  • Información encontrada: portada (Pastor de Moya) cubierta solapa frontal (n. 7 de febrero de 1965 en República Dominicana)

670 ## - FUENTE DE DATOS ENCONTRADOS

  • Identificador Uniforme del Recurso: https://authorities.loc.gov/cgi-bin/Pwebrecon.cgi?AuthRecID=5971351&v1=1&HC=1&SEQ=20250206101554&PID=IH7nt2oI8yxVUTrSsV08yM8zUe0p4 Consultado en 06 de febrero, 2025

Con tecnología Koha